| 000 | 00356nam a22001457a 4500 | ||
|---|---|---|---|
| 020 | _a978-81-8204-082-3 | ||
| 082 |
_a644 _bAGR |
||
| 100 | _aAGARWAL,NEERAJ | ||
| 245 | _aCULINARY HOSPITALITY GLOSSERY | ||
| 260 |
_aDELHI _bAMAN PUBLISHER _c2015 |
||
| 300 | _a303 | ||
| 650 | _aHOSPITALITY MANAGEMENT | ||
| 653 | _aCULINARY HOSPITALITY | ||
| 942 |
_2ddc _cBK _02 |
||
| 999 |
_c8128 _d8128 |
||